Normal view
MARC view
Entry Personal Name
001 - CONTROL NUMBER
- control field: 54392
003 - CONTROL NUMBER IDENTIFIER
- control field: dpl
005 - DATE AND TIME OF LATEST TRANSACTION
- control field: 20121218121024.0
008 - FIXED-LENGTH DATA ELEMENTS
- fixed length control field: 121218|||a|||||| | ||| d
040 ## - CATALOGING SOURCE
- Original cataloging agency: dpl
- Transcribing agency: dpl
100 ## - HEADING--PERSONAL NAME
- Personal name: Siddiqui, Iqtidar Husain
670 ## - SOURCE DATA FOUND
- Source citation: Work cat.: (dpl): Siddiqui, Iqtidar Husain, Composite culture under the Sultanate of Delhi /, 2012
670 ## - SOURCE DATA FOUND
- Source citation: Work cat.: (dpl): Siddiqui, Iqtidar Husain, Composite culture under the Sultanate of Delhi /, 2012
